000 00635nam a2200229Ia 4500
003 OSt
005 20220928102801.0
006 a|||||r|||| 00| 0
007 ta
008 220927b |||||||| |||| 00| 0 eng d
024 _a59490
037 _cTextual
040 _aSDCL
_cSDCL
_beng
041 _2eng
_aeng
082 _aR635x1,1:g, N7
100 _aBhanot Pinki
_9400299
245 0 _aYogasutra aur visudhimgg ka tulnatamaka anushilan .
260 _aNew Delhi
_bClassical Publshing Company
_c1997
300 _a179p.
_ccm.
942 _hR635x1,1:g, N7
_cTEXL
_2CC
999 _c716216
_d716216